Normal view MARC view
  • Caire, María M.,

Entry Nombre Personal

Number of records used in: 1

001 - NUMERO DE CONTROL

  • campo de control: 41949

003 - IDENTIFICADOR DE NUMERO DE CONTROL

  • campo de control: UPN

005 - FECHA Y HORA DE LA ÜLTIMA TRANSACCIÓN

  • campo de control: 20210219194613.0

008 - DATOS DE LONGITUD FIJA

  • campo de control de longitud fija: nabaccnnaabn|||||||||| b |nc|||||d

035 ## - NUMERO DE CONTROL

  • Número de control: UPN11000014056

040 ## - FUENTE DE CATALOGACIÓN

  • Lenguaje de catalogación: SPA
  • Agencia de transcripción: UPN

100 1# - ENCABEZAMIENTO - NOMBRE PERSONAL

  • Nombre personal: Caire, María M.,
  • Fechas asociadas con el nombre: 1976-

670 ## - FUENTE EN LA QUE SE LOCALIZARON DATOS

  • Cita de la fuente: T
  • Uniform Resource Identifier: http://mariamcaire.blogspot.com/

680 ## - NOTA PUBLICA DE ACCESO PÚBLICO

  • Frase explicativa de la referencia: Mexicana. Lic. en Administración por la Universidad Iberoamericana. Seminario de Gestión Cultural y Antropología en la ENAH. Taller de Fotoperiodismo convocado por el Fondo Cubano de la Imagen Fotográfica y el Fondo Iberoamericano de Fotografía. Taller Literatura a través de la fotografía en el Centro Fotográfico Álvarez Bravo y Galería la Luz en Oaxaca

902 ## - CATALOGADOR

  • Catalogador: EMR/091118